Zig-Zag, a fadazinha dos relâmpagos (Registo nº 1114)
[ vista simples ]
| 000 -Etiqueta do registo | |
|---|---|
| Cabeçalho | 00931nam0a2200265 4500 |
| 005 - Identificador da versão | |
| Campo de controlo | 20240822170536.0 |
| 010 ## - Número internacional normalizado dos livros (ISBN) | |
| Número (ISBN) | 9789722227773 |
| 021 ## - Número do Depósito Legal | |
| Código do país | PT |
| Número | 271973/08 |
| 100 ## - Dados gerais de processamento | |
| Dados gerais de processamento | 20160708d2008 a y0pory5003 ba |
| 101 1# - Língua de publicação | |
| Língua do texto, banda sonora, etc. | Português |
| Língua do documento no original | Inglês |
| 102 ## - Pais de publicação ou produção | |
| País de publicação | Portugal |
| 200 1# - Titulo e menção de responsabilidade | |
| Título próprio | Zig-Zag, a fadazinha dos relâmpagos |
| Primeira menção de responsabilidade | Daisy Meadows |
| Outras menções de responsabilidade | trad. Maria Isabel de Mendonça Soares |
| -- | il. Georgie Ripper |
| 210 ## - Publicação, Distribuição, etc. | |
| Lugar da edição, distribuição, etc. | Lisboa |
| Nome do editor, distribuidor, etc. | Verbo |
| Data da publicação, distribuição, etc. | cop. 2008 |
| 215 ## - Descrição física | |
| Indicação específica da natureza do documento e extensão da espécie | 71, [9] p. |
| Outras indicações físicas | il |
| 225 2# - Colecção | |
| Título próprio da colecção | A magia do arco-íris |
| Nome de uma parte ou secção | As fadazinhas do tempo |
| Indicação de volume | 13 |
| 314 ## - Notas relativas a responsabilidade intelectual | |
| Texto da nota | Daisy Meadows é pseudónimo de Narinder Dhami, Sue Bentley, Linda Chapman, e Sue Mongredien |
| 606 ## - Nome comum usado como assunto | |
| Número de registo de entrada de autoridade | 0002036 |
| Palavra de ordem | Literatura inglesa |
| Subdivisão de assunto | Conto |
| Código do sistema | CA |
| 675 ## - Classificação Decimal Universal (CDU) | |
| Notação | 821.111-34 |
| Edição | 3ª ed. |
| Língua da edição | por |
| 700 #1 - Nome de autor-pessoa física (responsabilidade principal) | |
| Número de registo de entrada de autoridade | 0003104 |
| Palavra de ordem | Meadows |
| Outra parte do nome não tomada para palavra de ordem | Daisy |
| Elementos de identificação ou distinção | pseud. |
| 702 #1 - Nome de autor-pessoa física (responsabilidade secundária) | |
| Número de registo de entrada de autoridade | 0001397 |
| Palavra de ordem | Ripper |
| Outra parte do nome não tomada para palavra de ordem | Georgie |
| Código de função | Ilustrador / Técnico de desenho computorizado |
| Número de registo de entrada de autoridade | 0000704 |
| Palavra de ordem | Soares |
| Outra parte do nome não tomada para palavra de ordem | Maria Isabel de Mendonça |
| Datas | 1922- |
| Código de função | Tradutor |
| 942 ## - Elementos de entrada adicionados (Koha) | |
| Tipo de item no Koha | Livro |
| 966 ## - Identificação da Biblioteca | |
| Sigla | EB2,3ENM |
| Situação do levantamento | Origin of item (home branch) (coded) | Biblioteca de empréstimo | Código de barras | Cota | Circulation type (not for loan) | Tipo de documento | Nota do exemplar | Damaged status |
|---|---|---|---|---|---|---|---|---|
| Biblioteca Escolar Eng. Nuno Mergulhão | Biblioteca Escolar Eng. Nuno Mergulhão | BENM2019 | 82LE-34 MEA | Livro | Sem mensagem |
